| 000 | 00678nam a22002057a 4500 | ||
|---|---|---|---|
| 003 | OSt | ||
| 005 | 20260505064715.0 | ||
| 008 | 260505b |||||||| |||| 00| 0 eng d | ||
| 020 | _a971-08-5652-9. | ||
| 040 |
_aDWCL Main Lib. _cOC |
||
| 082 | _a336.2 A118 2006 | ||
| 100 | _aAban, Benjamin B. | ||
| 245 |
_aThe law of basic taxation in the Philippines/ _cBenjamin B. Aban |
||
| 260 |
_aPhilippines : _bNational Book Store, _cc2006. |
||
| 300 |
_axv, 579 p. ; _c23 cm. |
||
| 650 | _a1. Tax administration and procedure-Philippines. | ||
| 650 | _a2. Taxation-Law and legislation-Philippines. | ||
| 700 | _aDe Leon-Tomacruz, Alicia | ||
| 942 |
_2ddc _cBK-FIL _hFil. _n0 |
||
| 999 |
_c10257 _d10257 |
||